000 00558nam a22001937a 4500
003 OSt
005 20140310181802.0
008 130703t xxu||||| |||| 00| 0 eng d
020 _a9780877790518
050 _aPE 1629
_b.C789 2007
082 _aREF 423
_bC81 2007
245 _aMerriam-Webster's visual dictionary /
_cCorbeil, Jean-Claude; Archambault, Ariane
260 _aUSA :
_bMerriam-Webster, Incorporated,
_cc2007.
300 _a952 p.
_bcol. : ill. ;
_c25 cm.
521 _a
541 _j1
562 _e1
942 _2lcc
_cBK-GR
_kREF
999 _c3652
_d3652